00684cam a22002171i 4500001001300000003000400013005001700017008004100034010001700075035001900092040003200111042001200143050002000155100002300175245004900198260010400247300003100351440002900382600003800411999001700449sa 67005486 DLC20260227112357.0771004s1962 ii c 000 0beng  asa 67005486  a(OCoLC)3316476 aDLCcMnNCdMnNCdOCoLCdDLC apremarc00aDS479.1.T54bJ61 aJog, Narayan Gopal10aLokamanya Bal Gangadhar Tilak /c N. G. Jog. a[Delhi] :bPublications Division, Ministry of Information and Broadcasting, Govt. of India,c[1962] a 208 p. :bport. ;c18 cm. 0aBuilders of modern India10aTilak, Bal Gangadhar,d1856-1920. c75225d75225